[Event "COL-ch deaf 2nd"]
[Site "Cali"]
[Date "2008.??.??"]
[Round "2.5"]
[White "Lopez, Juan Gabriel"]
[Black "San Miguel, Eddy"]
[Result "1-0"]
[WhiteElo "1600"]
[BlackElo "1600"]
[PlyCount "27"]
[EventDate "2008.10.25"]
[EventType "tourn"]
[EventRounds "7"]
[EventCountry "COL"]
[SourceTitle "EXT 2024"]
[Source "ChessBase"]
[SourceDate "2023.10.10"]
[SourceVersion "1"]
[SourceVersionDate "2023.10.10"]
[SourceQuality "1"]

1. e4 e5 2. Nf3 Nc6 3. Bc4 Nf6 4. Ng5 d5 5. exd5 Nxd5 6. d3 Be7 7. Qf3 Bxg5 8. Bxd5 0-0 9. 0-0 Bxc1 10. Rxc1 Bg4 11. Bxf7+ Rxf7 12. Qxg4 Qe7 13. Nc3 Qc5 14. Rf1 1-0

[Event "COL-ch deaf 2nd"]
[Site "Cali"]
[Date "2008.??.??"]
[Round "6.7"]
[White "Mora, Rogelio"]
[Black "Lopez, Juan Gabriel"]
[Result "0-1"]
[WhiteElo "1600"]
[BlackElo "1600"]
[PlyCount "34"]
[EventDate "2008.10.25"]
[EventType "tourn"]
[EventRounds "7"]
[EventCountry "COL"]
[SourceTitle "EXT 2024"]
[Source "ChessBase"]
[SourceDate "2023.10.10"]
[SourceVersion "1"]
[SourceVersionDate "2023.10.10"]
[SourceQuality "1"]

1. e4 c5 2. Nf3 Nc6 3. d4 cxd4 4. Nxd4 Nf6 5. Nc3 e5 6. Nxc6 bxc6 7. Bc4 Bb4 8. Qf3 Bb7 9. Qg3 0-0 10. Bh6 Nh5 11. Qg4 Qf6 12. Qxh5 Qxh6 13. Qxh6 gxh6 14. 0-0 Bxc3 15. bxc3 d5 16. Bd3 Rab8 17. f4 Rfd8 0-1